000
00315 a2200145 4500
001
48070
020
_a
8504008479
040
_c
Anchieta - Aquarius
240
1
0
_a
Dos pés à cabeça
_l
por
245
1
0
_a
Dos pés à cabeça
300
_a
43
362
0
_a
2005
650
4
_a
Literatura infanto-juvenil
942
_c
BK
999
_c
48070
_d
48070